Personnalités - Grèce antique - Statistiques

Statistiques générales
  • Ce quiz a été pris 71 fois
    51 depuis la dernière actualisation
  • Le résultat moyen est 7 sur 20
Statistiques - réponses
Hint Dates Réponse % Correct
Il fonde son école à Athènes en 387. Dans La République, il théorise que seul un gouvernant s’adonnant à la philosophie peut mener une politique juste. 428 - 348 Platon
93%
Disciple de Platon, il s'intéresse à la biologie, médecine, physique, astronomie 384 - 322 Aristote
88%
"Père de l'histoire", a vécu à Athènes. Ecrit sur les guerres médiques (Histoires). 480 ~ 425 Hérodote
70%
Stratège à 15 reprises (443-429), signe de sa popularité et de ses qualités d’orateur. Il crée le misthos et la loi de 451 sur la citoyenneté, il porte l'impérialisme d'Athènes à son apogée. 495 - 429 Périclès
63%
Poète comique athénien. Porte parole des paysans pendant la guerre du Péloponnèse (Lysistrata, La Paix). 446 ~ 385 Aristophane
60%
Proche de Périclès, élu 2 fois stratège (a fait partie de l'expédition contre Samos en 440). Auteur de 123 tragédies (on en connait que 7) 496 - 406 Sophocle
42%
Stratège à Athènes pendant la guerre du Péloponnèse (426), il est exilé car n'a pas su protéger Amphipolis. Il analyse l'impérialisme athénien dans La Guerre du Péloponnèse 460 ~ 400 Thucydide
40%
Auteur tragique d'Athènes (Les sept contre Thèbes), soldat à Marathon et Salamine (525 - 456) Eschyle
35%
Né à Salamine, il fréquente Socrate à Athènes, accorde une grande place aux héroïnes dans ses pièces (Alceste, Médée, Andromaque). 408 quitte Athènes pour la Macédoine. 480 - 406 Euripide
35%
Législateur mythique de Sparte, à l'origine de ses institutions. Xème - IXème a.C. Lycurgue
35%
Né en Boétie, il voyage notamment à Athènes (école platonicienne). Auteur des Vies parallèles. 46 - 125 p.C. Plutarque
33%
Né à Athènes, il combat auprès du roi spartiate Agésilas et contre sa propre patrie à la bataille de Coronée (394) = exil. Il reprend La Guerre du Péloponnèse avec Les Helléniques. 428 - 355 Xénophon
33%
Législateur de la famille des Alcméonides, il réforme les institutions athéniennes VIème siècle a.C. Clisthène
30%
Archonte en 493/92, il pose les bases de la thalassocratie athénienne par la loi navale de 483. Adversaire de Cimon, il est ostracisé en 471. 524 - 459 Thémistocle
21%
Femme métèque d'Athènes et compagne d'un stratège, elle influence la vie politique de la cité. Accusée par Aristophane d'être responsable de la guerre du Péloponnèse. ? - 400 Aspasie
16%
Stratège athénien qui commande les troupes grecques lors de Marathon 540 - 489 Miltiade
16%
Fils du précédent, il mène les opérations de la ligue de Délos. Il s'empare notamment de Skyros. Partisan d'une démocratie modérée. Ostracisé un temps en 461. 510 - 450 Cimon
14%
Il réforme l'Aéropage en 462/61 et transfert une grande partie des prérogatives à la Boulè et l'Héliée. Assassiné en 461. ? - 461 Ephialte
9%
Poète vivant à Sparte, son œuvre Parthénées s'inscrit dans le programme politique et éducatif spartiate. VIIème siècle a.C. Alcman
5%
Il s'installe à Sparte lors de la 2ème guerre de Messénie (635 - 600) et encourage dans Exhortations les guerriers au combat. VIIème siècle a.C. Tyrtée
5%
Aucun quiz correspondant
Distribution des résultats
% des personnes avec chaque résultat
Percentile par nombre de réponses
Votre historique - résultats
Vous n’avez pas pris ce quiz depuis la dernière actualisation